Quizz Pokémon 6G FR - Champions, Membres du Conseil des 4 et Maître de la Ligue - Statistiques

Statistiques générales
  • Ce quiz a été pris 3 110 fois
  • Le résultat moyen est 48 sur 84
Statistiques - réponses
Nom % Correct
66 Pierre
93%
67 Pierre
93%
62 Ondine
88%
64 Peter
81%
51 Major Bob
78%
20 Blue
76%
26 Cynthia
75%
33 Giovanni
72%
44 Koga
72%
39 Iris
71%
53 Marc
70%
16 Auguste
68%
68 Pierrick
67%
6 Aldo
66%
30 Erika
66%
56 Morgane
66%
70 Roxanne
66%
29 Dianthéa
65%
19 Blanche
64%
18 Bastien
63%
82 Voltère
63%
60 Norman
62%
72 Spectra
62%
5 Albert
61%
31 Flo
61%
69 Rachid
61%
40 Jasmine
60%
61 Olga
60%
71 Sandra
60%
3 Adrien
59%
34 Glacia
59%
37 Hector
59%
2 Adriane
58%
4 Agatha
58%
13 Aragon
58%
57 Mortimer
57%
47 Lévy
56%
74 Tanguy
56%
75 Tatia
56%
7 Alizée
55%
38 Inezia
55%
46 Lem
55%
23 Chuck
54%
27 Damien
54%
59 Noa
54%
17 Bardane
53%
32 Frédo
53%
49 Lovis
53%
81 Violette
53%
14 Armando
52%
77 Terry
52%
79 Urup
52%
83 Watson
52%
1 Aaron
51%
42 Juan
51%
58 Narcisse
51%
76 Tcheren
51%
84 Zhu
51%
8 Aloé
50%
22 Charles
50%
24 Clément
50%
35 Gladys
50%
43 Kiméra
50%
15 Artie
49%
36 Goyah
49%
48 Lino
49%
52 Malva
49%
25 Cornélia
47%
55 Mélina
47%
21 Carolina
46%
28 Dracéna
46%
50 Lucio
46%
54 Marion
46%
45 Kunz
43%
80 Valériane
43%
10 Amaro
42%
73 Strykna
42%
78 Thyméo
42%
41 Jeannine
40%
65 Pieris
39%
12 Astéra
38%
63 Percila
38%
11 Anis
37%
9 Amana
35%
Aucun quiz correspondant
Distribution des résultats
% des personnes avec chaque résultat
Percentile par nombre de réponses
Votre historique - résultats
Vous n’avez pas pris ce quiz